000 00558cam a22001931a 4500
001 af 48000991
003 DLC
005 20260227110846.0
008 860609s1943 fr 000 0 fre
010 _aaf 48000991
035 _a(OCoLC)13707980
040 _aDLC
_cMnCS
_dMnCS
_dDLC
042 _apremarc
050 0 0 _aPQ2611.O614
_bC5
100 1 _aFolliet, Joseph.
245 1 4 _aLes chants du soleil noir :
_bpoèmes de guerre et de captivité /
_cJoseph Folliet.
260 _aParis :
_bÉditions du temps présent,
_c[1943?]
300 _a133 p. ;
_c22 cm.
999 _c4300
_d4300